Dentistry in rabbits and rodents (Record no. 28967)

MARC details
000 -LEADER
fixed length control field 00547nam a2200181Ia 4500
020 ## - INTERNATIONAL STANDARD BOOK NUMBER
ISBN 9781118802540
050 ## - CALL MARK
Classification number SF 867 .B64/
100 ## - STATEMENT OF RESPONSIBILITY--MAIN AUTHOR NAME
Personal name Bohmer, Estella
245 #0 - TITLE STATEMENT
Title Dentistry in rabbits and rodents
260 ## - PUBLICATION, DISTRIBUTION, ETC. (IMPRINT)
Place of publication Philadelphia
260 ## - PUBLICATION, DISTRIBUTION, ETC. (IMPRINT)
Name of publisher Lippincott Williams & Wilkins
260 ## - PUBLICATION, DISTRIBUTION, ETC. (IMPRINT)
Year of publication 2015
300 ## - PHYSICAL DESCRIPTION
Number of Pages 288 p
650 ## - SUBJECT ADDED ENTRY--TOPICAL TERM
Topical Term Dentistry--veterinary. Lagomorpha. Rodentia. Tooth Diseases--veterinary. Veterinary Medicine.
942 ## - ADDED ENTRY ELEMENTS (KOHA)
Koha item type Books
Holdings
Withdrawn status Lost status Source of classification or shelving scheme Damaged status Not for loan Permanent Location Current Location Date acquired Accession Number Price effective from Koha item type
    Library of Congress Classification     NILE UNIVERSITY OF NIGERIA - MAIN LIBRARY NILE UNIVERSITY OF NIGERIA - MAIN LIBRARY 04/23/2025 0188225 04/23/2025 Books